| 000 | 00751cam a22002533a 4500 | ||
|---|---|---|---|
| 001 | 23550 | ||
| 003 | PGUSA | ||
| 005 | 20140828083513.0 | ||
| 008 | 071119s2007||||xxu|||||s|||||000 1 eng d | ||
| 040 |
_aPGUSA _beng |
||
| 042 | _adc | ||
| 050 | 4 | _aPS | |
| 100 | 1 |
_aMurfree, Mary Noailles, _d1850-1922 |
|
| 245 | 1 | 0 |
_aUna Of The Hill Country : _b1911 _h[electronic resource] / _cMary Noailles Murfree |
| 260 |
_bProject Gutenberg, _c2007 |
||
| 506 | _aPublic domain in the USA. | ||
| 516 | _aElectronic text | ||
| 653 | _aTennessee -- Social life and customs -- Fiction | ||
| 653 | _aShort stories | ||
| 653 | _aMountain life -- Fiction | ||
| 830 | 0 |
_aProject Gutenberg _v23550 |
|
| 856 | 4 | 0 | _uhttp://www.gutenberg.org/ebooks/23550 |
| 942 | _cEB | ||
| 999 |
_c252805 _d252805 |
||